Dirty birdy bible /

Bibliographic Details
Main Author: Tanaka, Hiro (Author, Illustrator)
Format: Book
Language:English
Published: [Hillsborough, North Carolina] : Daylight Books, [2019]
Subjects:

MARC

Tag First Indicator Second Indicator Subfields
LEADER 00000cam a2200000Ki 4500
001 in00004061113
005 20190718163343.0
008 180910t20192019ncu 000 0 eng d
020 |a 9781942084617  |q paperback 
020 |a 1942084617  |q paperback 
035 |a (OCoLC)on1050962619 
040 |a YDX  |e rda  |c YDX  |d COO  |d BWK  |d UtOrBLW 
049 |a TXAM 
050 4 |a NX584.Z9  |b T3885 2019 
082 0 |a 709.2  |2 23 
100 1 |a Tanaka, Hiro,  |e author,  |e illustrator. 
245 1 0 |a Dirty birdy bible /  |c Hiro Tanaka. 
264 1 |a [Hillsborough, North Carolina] :  |b Daylight Books,  |c [2019] 
264 4 |c ©2019 
300 |a 1 volume (unpaged) :  |b illustrations ;  |c 16 cm. 
336 |a text  |b txt  |2 rdacontent 
337 |a unmediated  |b n  |2 rdamedia 
338 |a volume  |b nc  |2 rdacarrier 
600 1 0 |a Tanaka, Hiro  |v Notebooks, sketchbooks, etc. 
650 0 |a Artists' writings.  |0 http://id.loc.gov/authorities/subjects/sh85008306 
650 0 |a Doodles.  |0 http://id.loc.gov/authorities/subjects/sh85039057 
945 |b 999134 
947 |a A14850747396 
948 |a cataloged  |b h  |c 2019/5/1  |d c  |e dmitchel  |f 9:44:28 am 
994 |a 92  |b TXA 
999 f f |s 740f3cec-9492-31f2-9224-a236766a0760  |i 5dc18075-29b9-3373-aae2-c4ffc574692d  |t 0 
952 f f |p normal  |a Texas A&M University  |b College Station  |c Sterling C. Evans Library  |d Evans: Library Stacks  |t 0  |e NX584.Z9 T3885 2019  |h Library of Congress classification  |i unmediated -- volume  |m A14850747396 
998 f f |a NX584.Z9 T3885 2019  |t 0  |l Evans: Library Stacks